[Event "Dortmund op-A"]
[Site "Dortmund"]
[Date "2007.06.28"]
[Round "6"]
[White "Herroeder, Peter"]
[Black "Rosenauer, Horst"]
[Result "0-1"]
[WhiteElo "1811"]
[BlackElo "1810"]
[PlyCount "113"]
[EventDate "2007.06.22"]
[EventType "swiss"]
[EventRounds "9"]
[EventCountry "GER"]
[SourceTitle "EXT 2008"]
[Source "ChessBase"]
[SourceDate "2007.11.25"]
[SourceVersion "1"]
[SourceVersionDate "2007.11.25"]
[SourceQuality "1"]

1. c4 c5 2. Nc3 Nc6 3. g3 e5 4. Bg2 d6 5. e4 g6 6. Nge2 Bg7 7. h3 Nge7 8. 0-0 Nd4 9. d3 0-0 10. Kh2 Rb8 11. Rb1 Nec6 12. a3 Be6 13. b4 Qd7 14. bxc5 dxc5 15. Nd5 b6 16. f4 Nxe2 17. Qxe2 Nd4 18. Qd1 f5 19. Be3 fxe4 20. dxe4 Rf7 21. Qd2 Rbf8 22. Rf2 Qa4 23. Qd3 Bc8 24. Nc3 Qd7 25. Bxd4 cxd4 26. Nd5 Ba6 27. Qb3 Rc8 28. Bf1 Rc5 29. Rc2 Qd6 30. Rf2 Bb7 31. Re1 Bf8 32. Qb2 Bxd5 33. exd5 exf4 34. Kg1 Ra5 35. Qxd4 Qxa3 36. Re8 Qxg3+ 37. Rg2 Qh4 38. Qe4 Qf6 39. Rf2 Kg7 40. Re6 Qd8 41. Qe5+ Kg8 42. Rxf4 Rxf4 43. Qxf4 Ra3 44. Bg2 Qd7 45. Qe5 Bc5+ 46. Kh2 Re3 47. Qg5 Rxe6 48. dxe6 Qd6+ 49. Qg3 Kg7 50. Qxd6 Bxd6+ 51. Kg1 Kf6 52. Bd5 Ke5 53. Kf2 Kd4 54. e7 Bxe7 55. Bg8 h6 56. Kf3 a5 57. Kg4 0-1